C/C++ (Record no. 79092)

MARC details
000 -LEADER
fixed length control field 00824nam a2200169 a 4500
008 - FIXED-LENGTH DATA ELEMENTS--GENERAL INFORMATION
fixed length control field 120416s1999 ||||||||||||||||| || u
020 ## - INTERNATIONAL STANDARD BOOK NUMBER
International Standard Book Number 0074636073
050 ## - LIBRARY OF CONGRESS CALL NUMBER
Classification number QA 76.73.C153 Fri
100 ## - MAIN ENTRY--PERSONAL NAME
Personal name Friedman, Art
245 10 - TITLE STATEMENT
Title C/C++
246 ## -
-- annotated archives
260 ## - PUBLICATION, DISTRIBUTION, ETC.
Place of publication, distribution, etc. New Delhi
Name of publisher, distributor, etc. Tata McGraw-Hill
Date of publication, distribution, etc. 1999
350 ## -
-- 0.00
995 ## -
-- MAIN LIBRARY OPEN ACCESS
-- 0.00
-- 732444
-- CBU-MAIN LIBRARY (Kitwe)
-- 3
-- 40.00
-- QA 76.73.C153 Fri
-- 3
-- AVAILABLE
-- 029641
-- Main Library Open Access Collection
995 ## -
-- BINDERY (DAMAGED)
-- 0.00
-- 732445
-- CBU-MAIN LIBRARY (Kitwe)
-- 1
-- 40.00
-- QA 76.73.C153 Fri
-- 1
-- DAMAGED
-- 029639
-- Main Library Open Access Collection
995 ## -
-- ANNEX COLLECTION (Main Library)
-- 0.00
-- 732446
-- CBU-MAIN LIBRARY (Kitwe)
-- 2
-- 40.00
-- QA 76.73.C153 Fri
-- 2
-- AVAILABLE
-- 029640
-- Annex Low-Usage Collection
999 ## -
-- 79092
-- 79092

No items available.